ბათუმის შოთა რუსთაველის სახელმწიფო უნივერსიტეტის ბიბლიოთეკა

იმედა და მზის სხივი (ბიბ.ჩანაწერი № 49055)

000 -LEADER
fixed length control field 00708nam a2200229Ia 4500
001 - CONTROL NUMBER
control field 15961
003 - CONTROL NUMBER IDENTIFIER
control field GE_BSU
008 - FIXED-LENGTH DATA ELEMENTS--GENERAL INFORMATION
fixed length control field 181216s||||||||xx |||||||||||||| ||und||
040 ## - CATALOGING SOURCE
Transcribing agency GE_BSU
080 ## - UNIVERSAL DECIMAL CLASSIFICATION NUMBER
Universal Decimal Classification number 82-93
100 ## - MAIN ENTRY--PERSONAL NAME
Personal name ხოდაშნელი, შოთა
245 ## - TITLE STATEMENT
Title იმედა და მზის სხივი
245 ## - TITLE STATEMENT
Remainder of title ლექსები
245 ## - TITLE STATEMENT
Statement of responsibility, etc. რედ.გ.ჭიჭინაძე. მხ.რ.მახარაძე
260 ## - PUBLICATION, DISTRIBUTION, ETC.
Place of publication, distribution, etc. თბილისი
260 ## - PUBLICATION, DISTRIBUTION, ETC.
Name of publisher, distributor, etc. ნაკადული
260 ## - PUBLICATION, DISTRIBUTION, ETC.
Date of publication, distribution, etc. 1987
300 ## - PHYSICAL DESCRIPTION
Extent 87გვ. ; 20სმ
653 ## - INDEX TERM--UNCONTROLLED
Uncontrolled term იმედა და მზის სხივი
653 ## - INDEX TERM--UNCONTROLLED
Uncontrolled term ლექსები
942 ## - ADDED ENTRY ELEMENTS (KOHA)
Koha item type წიგნი
ეგზემპლარები
Withdrawn status Lost status Damaged status Not for loan Date acquired Barcode Date last seen Price effective from Koha item type
        2018-12-17 39477 2018-12-17 2018-12-17 წიგნი